| 000 | 00425nam a2200169Ia 4500 | ||
|---|---|---|---|
| 005 | 20240705031613.0 | ||
| 008 | 240331s9999 xx 000 0 und d | ||
| 020 | _a0415146429 | ||
| 082 |
_a170 _bWAR |
||
| 100 | _aWardy, R | ||
| 245 | 4 |
_aThe birth of rhetoric : _bGorgias,pleto and their successors |
|
| 260 |
_aLondon _bRoutledge _c1996 |
||
| 300 | _aviii, 197 p ., | ||
| 650 | _aGender | ||
| 650 | _aPhilosophy | ||
| 942 | _cL | ||
| 999 |
_c768 _d768 |
||